90's TV Advertisements: Picture Click Quiz Stats

 Plays Quiz not verified by Sporcle

Score 0/12 Timer 02:00
0 Plays Today
% Correct
Pepsi
87.2%
Kit Kat
85.4%
Trix
84.6%
Bagel Bites
83.5%
Doublemint Gum
83.1%
Hungry Hungry Hippos
67.7%
Apple Jacks
63.5%
Gator Golf
59.5%
Crossfire
58.5%
Pringles
58.4%
Cinnamon Toast Crunch
55%
Reese's
46.4%

You're not logged in!

Compare scores with friends on all Sporcle quizzes.
OR
Log In

You Might Also Like...

Show Comments

Extras

Top Quizzes Today


Score Distribution

Your Account Isn't Verified!

In order to create a playlist on Sporcle, you need to verify the email address you used during registration. Go to your Sporcle Settings to finish the process.

Report this User

Report this user for behavior that violates our Community Guidelines.

Details: